Berfikir secara logik & kritis

Bibliographic Details
Main Author: Ainon Mohd
Other Authors: Abdullah Hassan
Format: Book
Published: Selangor : PTS Millennia , 2006
Series:Siri minda kreatif
Subjects:

MARC

LEADER 00000cam a2200000 7i4500
001 0000011962
005 20071121.0
008 071121
020 |a 9833372481 
090 0 0 |a 153.42   |b AIN 
100 0 |a Ainon Mohd 
245 1 0 |a Berfikir secara logik & kritis   |c Ainon Mohd, Abdullah Hassan 
260 |a Selangor :   |b PTS Millennia ,   |c 2006 
440 |a Siri minda kreatif 
650 0 |a Creative thinking 
650 0 |a Critical thinking 
650 0 |a Malay fiction 
650 0 |a Thought and thinking 
700 0 |a Abdullah Hassan 
999 |a 0000923612   |b Book   |c Adult Collection   |e Cawangan Bukit Gambir 
999 |a 0000932657   |b Book   |c Adult Collection   |e Cawangan Tangkak 
999 |a 0000932658   |b Book   |c Adult Collection   |e Cawangan Tangkak 
999 |a 0000932659   |b Book   |c Adult Collection   |e Cawangan Tangkak 
999 |a 0001004260   |b Book   |c Adult Collection   |e Cawangan Bukit Gambir 
999 |a 0001004262   |b Book   |c Adult Collection   |e Perbadanan Perpustakaan Awam Johor 
999 |a 0001004263   |b Book   |c Adult Collection   |e Perbadanan Perpustakaan Awam Johor 
999 |a 0001004264   |b Book   |c Adult Collection   |e Cawangan Batu Pahat 
999 |a 0001074898   |b Book   |c Adult Collection   |e Cawangan Bandar Penawar 
999 |a 000923612   |b Book   |c Adult Collection   |e Cawangan Bukit Gambir